000 00249nam a2200097Ia 4500
001 657795
005 20250826154622.0
008 250824s9999 xx 000 0 und d
245 0 _aGelincik Diz/Damdaki Korkuluklar
_cGülten Dayıoğlu
260 _bALTIN
999 _c657795
_d657795